[Event "Champions op"]
[Site "USA"]
[Date "1998.??.??"]
[Round "?"]
[White "Andrews, Todd D"]
[Black "Tate, Emory"]
[Result "0-1"]
[WhiteElo "2145"]
[BlackElo "2385"]

1. d4 Nf6 2. c4 c5 3. d5 a6 4. a4 e6 5. Nc3 exd5 6. cxd5 g6 7. Nf3 Bg7 8. Nd2  O-O 9. e4 Re8 10. Be2 d6 11. O-O Nbd7 12. Qc2 Qe7 13. Rb1 Ne5 14. b4 cxb4 15.  Rxb4 Ned7 16. Bf3 g5 17. g3 Nc5 18. a5 Bh3 19. Re1 Nfd7 20. Nc4 Rac8 21. Bd2 f5  22. Bh5 fxe4 23. Bxe8 Rxe8 24. Nd1 Qf7 25. Nxd6 Qf3 26. Ne3 Rf8 27. Nxe4 Nxe4  28. Rxe4 Qxf2+ 29. Kh1 Bg2+ 0-1

[Event "Champions op"]
[Site "USA"]
[Date "1998.??.??"]
[Round "?"]
[White "Kaufman, Larry C"]
[Black "Tate, Emory"]
[Result "1/2-1/2"]
[WhiteElo "2410"]
[BlackElo "2385"]

1. d4 Nf6 2. Nf3 c5 3. d5 g6 4. Nc3 Bg7 5. e4 O-O 6. Be2 b5 7. e5 Ng4 8. Bf4 b4  9. Ne4 d6 10. exd6 exd6 11. O-O Bxb2 12. Rb1 Bg7 13. Bxd6 Re8 14. Nfd2 Na6 15.  Bxg4 Bxg4 16. Qxg4 f5 17. Qg3 fxe4 18. Rbe1 Qa5 19. Rxe4 Qxa2 20. Qd3 Rxe4 21.  Qxe4 Qb2 22. Be7 Qe5 23. d6 Qxe4 24. Nxe4 Bf8 25. Ra1 Bxe7 26. Rxa6 Bd8 27. Rc6  Bb6 28. d7 Rd8 29. Rc8 Kf7 30. Rxd8 Bxd8 31. Nxc5 a5 32. Kf1 Ke7 33. Ke2 Kd6  34. Na4 Kxd7 35. Kd3 Bc7 36. h3 Kc6 37. Kc4 Bd6 38. Nb2 Bf4 39. Nd3 Bd2 40. Nc5  Be1 41. Nd3 Bc3 42. Nc5 1/2-1/2

[Event "Philadelphia op"]
[Site "Philadelphia"]
[Date "1998.??.??"]
[Round "3"]
[White "Smirin, Ilia"]
[Black "Tate, Emory"]
[Result "1-0"]
[WhiteElo "2590"]
[BlackElo "2385"]

1. e4 c5 2. Nf3 d6 3. d4 cxd4 4. Nxd4 Nf6 5. Nc3 a6 6. Be2 e5 7. Nb3 Be6 8. g4  Be7 9. g5 Nfd7 10. h4 Nb6 11. Be3 N8d7 12. Nd5 Nxd5 13. exd5 Bf5 14. Bg4 Bxg4  15. Qxg4 Qc7 16. O-O-O a5 17. Kb1 a4 18. Nd2 b5 19. Ne4 Rc8 20. Rd2 a3 21. b3  O-O 22. Re2 Nc5 23. Bxc5 dxc5 24. h5 c4 25. Rd1 cxb3 26. cxb3 Rfd8 27. g6 Rxd5  28. gxf7+ Kxf7 29. Qf5+ Bf6 30. Ng5+ Kg8 31. Qe6+ Kh8 32. Nf7+ Kg8 33. Nd6+ Kh8  34. Qxd5 e4 35. Nxc8 h6 36. Rc2 1-0

[Event "Philadelphia op"]
[Site "Philadelphia"]
[Date "1998.??.??"]
[Round "4"]
[White "Goldin, Alexander"]
[Black "Tate, Emory"]
[Result "1-0"]
[WhiteElo "2590"]
[BlackElo "2385"]

1. Nf3 d5 2. g3 Nc6 3. d4 Bg4 4. Bg2 Qd7 5. h3 Bxf3 6. exf3 O-O-O 7. f4 g5 8.  fxg5 h6 9. gxh6 Nxh6 10. O-O Bg7 11. c3 Kb8 12. Nd2 f6 13. Nb3 b6 14. a4 a5 15.  Qe2 Nf5 16. Rd1 e6 17. c4 Nd6 18. cxd5 exd5 19. Bf4 Nb4 20. Rac1 f5 21. Qf3 Bh6  22. Bxd6 Bxc1 23. Bxb4 Bxb2 24. Rb1 Qxa4 25. Be7 Qa2 26. Qd3 Rd7 27. Bf6 Rf8  28. Be5 a4 29. Nc5 1-0

[Event "Virginia op"]
[Site "Fredericksburg"]
[Date "1998.01.17"]
[Round "3"]
[White "Inocencio, Edgarlino S"]
[Black "Tate, Emory"]
[Result "0-1"]
[WhiteElo "2190"]
[BlackElo "2405"]

1. d4 Nf6 2. c4 c5 3. d5 b5 4. cxb5 a6 5. bxa6 g6 6. Nc3 Bg7 7. Nf3 Bxa6 8. e4  Bxf1 9. Kxf1 O-O 10. g3 e6 11. dxe6 fxe6 12. Kg2 d5 13. exd5 exd5 14. Bg5 d4  15. Qb3+ Kh8 16. Bxf6 Qxf6 17. Ne4 Qc6 18. Nfd2 Nd7 19. Rac1 Bf6 20. f3 Rfb8  21. Qc2 Rxa2 22. Nc4 Rb4 23. Rhe1 Nb6 0-1

[Event "Virginia op"]
[Site "Fredericksburg"]
[Date "1998.01.18"]
[Round "5"]
[White "Peters, Thomas A"]
[Black "Tate, Emory"]
[Result "0-1"]
[WhiteElo "2155"]
[BlackElo "2405"]

1. d4 Nf6 2. Bg5 d6 3. Bxf6 gxf6 4. c4 c5 5. e3 cxd4 6. exd4 Qb6 7. b3 Nc6 8.  Ne2 Bf5 9. Qd2 Nb4 10. Ng3 Nc2+ 11. Kd1 Bg6 12. f4 Bh6 13. Qf2 Qxd4+ 14. Qxd4  Nxd4 15. f5 Bxf5 16. Na3 Bg4+ 17. Be2 Nxe2 18. Nxe2 Rg8 0-1

[Event "World op"]
[Site "Philadelphia"]
[Date "1998.06.30"]
[Round "4"]
[White "Andrews, Todd D"]
[Black "Tate, Emory"]
[Result "1-0"]
[WhiteElo "2145"]
[BlackElo "2385"]

1. d4 Nf6 2. c4 c5 3. d5 b5 4. cxb5 e6 5. Nc3 exd5 6. Nxd5 Bb7 7. Nxf6+ Qxf6 8.  Nf3 d5 9. Qc2 Qb6 10. a4 a6 11. e3 Bd6 12. Qf5 c4 13. Bd2 O-O 14. Ng5 g6 15.  Qh3 h5 16. g4 Be7 17. gxh5 Bxg5 18. Rg1 Bc8 19. Qf3 Qf6 20. Qxd5 Qxb2 21. Rd1  Bh4 22. Qxc4 Bxf2+ 23. Kxf2 axb5 24. Rxg6+ Kh7 25. Qf4 fxg6 26. Qxf8 Bf5 27.  Qf7+ Qg7 28. hxg6+ Bxg6 29. Qxg7+ Kxg7 30. Bc3+ 1-0

[Event "World op"]
[Site "Philadelphia"]
[Date "1998.07.01"]
[Round "5"]
[White "Byrne, Robert E"]
[Black "Tate, Emory"]
[Result "1-0"]
[WhiteElo "2440"]
[BlackElo "2385"]

1. d4 Nf6 2. c4 c5 3. d5 b5 4. Nd2 Qa5 5. Qc2 e6 6. e4 exd5 7. cxd5 d6 8. Ngf3  Be7 9. Be2 O-O 10. O-O Bd7 11. b3 Na6 12. Bb2 Qb6 13. Rfe1 Nc7 14. Bf1 a5 15.  a4 Rfb8 16. Bc3 Bg4 17. Qd3 Bh5 18. Nh4 b4 19. Bb2 Nce8 20. Nc4 Qb7 21. g3 Bf8  22. Bg2 Qa6 23. h3 Nd7 24. f4 f6 25. Qd2 Nb6 26. Bf1 Nxc4 27. Bxc4 Qc8 28. Kh2  Bf7 29. Re3 g6 30. Rf1 Bh6 31. Qd3 Ra7 32. Ref3 Qd8 33. e5 dxe5 34. fxe5 fxe5  35. Rxf7 Rxf7 36. Rxf7 Kxf7 37. d6+ Kg7 38. Bxe5+ Nf6 39. d7 Ra8 40. Qd6 Be3  41. Nf3 Qf8 42. Qe6 Rd8 43. Bd6 Ng4+ 44. Kg2 Qf5 45. hxg4 Qc2+ 46. Kh3 Qc1 47.  Qe7+ Kh6 48. Qf8+ Rxf8 49. Bxf8# 1-0

[Event "World op"]
[Site "Philadelphia"]
[Date "1998.07.03"]
[Round "7"]
[White "Belakovskaia, Anjelina"]
[Black "Tate, Emory"]
[Result "1-0"]
[WhiteElo "2385"]
[BlackElo "2385"]

1. d4 Nf6 2. c4 c5 3. d5 a6 4. Nc3 b5 5. cxb5 axb5 6. e4 b4 7. Nb5 d6 8. Bf4  Nbd7 9. Nf3 Nh5 10. Bg5 Ra6 11. e5 f6 12. e6 fxg5 13. Nxg5 g6 14. Nf7 Qa5 15.  Nxh8 Ne5 16. Nc7+ Qxc7 17. Bxa6 Bg7 18. Qa4+ Kf8 19. Nf7 Qa7 20. Nxe5 Bxe5 21.  Bb5 Qxa4 22. Bxa4 Bxb2 23. Rb1 Bc3+ 24. Kd1 Nf4 25. Bc6 Ba6 26. g3 Ne2 27. Re1  Bxe1 28. Kxe1 Nc3 29. Ra1 Bc4 30. a4 b3 31. Kd2 b2 32. Rg1 b1=Q 33. Rxb1 Nxb1+  34. Kc2 Kg7 35. Kxb1 Kf6 36. Bb7 Ke5 37. a5 Ke4 38. Kb2 Kf3 39. Kc3 Bb5 40. a6  Bxa6 41. Bxa6 Kxf2 42. Kc4 Kg2 43. Kb5 c4 44. Kc6 1-0

[Event "Atlantic op"]
[Site "Washington"]
[Date "1998.??.??"]
[Round "5"]
[White "Inocencio, Edgarlino S"]
[Black "Tate, Emory"]
[Result "1-0"]
[WhiteElo "2120"]
[BlackElo "2390"]

1. d4 Nf6 2. c4 c5 3. d5 b5 4. cxb5 a6 5. bxa6 g6 6. Nc3 Bxa6 7. Nf3 Bg7 8. e4  Bxf1 9. Kxf1 O-O 10. g3 Na6 11. h3 e6 12. Kg2 Nb4 13. Bg5 h6 14. Be3 c4 15. Qd2  exd5 16. exd5 g5 17. Bc5 Nd3 18. Bxf8 Qxf8 19. Ne1 Nxb2 20. Rb1 Na4 21. Nxa4  Rxa4 22. Qc2 Qa3 23. Rb8+ Bf8 24. Rc8 Nxd5 25. Rxc4 Nb4 26. Qb3 d5 27. Rc3 Qxa2  28. Qxa2 Rxa2 29. Nd3 d4 30. Nxb4 Bxb4 31. Rc4 Bc3 32. Rd1 Ra7 33. Rd3 h5 34.  g4 Kg7 35. Rf3 Rd7 36. Kf1 f6 37. Ke2 hxg4 38. hxg4 d3+ 39. Rxd3 Rxd3 40. Kxd3  Be5 41. Ke4 Kg6 42. Rc6 Ba1 43. Kd5 Bb2 44. Ke6 Be5 45. f3 Ba1 46. Rc8 Be5 47.  Rg8+ Kh7 48. Kf7 Ba1 49. Rg7+ 1-0

[Event "National Congress 29th"]
[Site "Philadelphia"]
[Date "1998.11.27"]
[Round "2"]
[White "Shabalov, Alexander"]
[Black "Tate, Emory"]
[Result "1-0"]
[WhiteElo "2645"]
[BlackElo "2390"]

1. e4 c5 2. Nf3 d6 3. d4 cxd4 4. Nxd4 Nf6 5. Nc3 Nbd7 6. Be3 e6 7. f4 Nc5 8.  Qf3 Qa5 9. O-O-O Be7 10. g4 O-O 11. g5 Nfxe4 12. Nxe4 Qxa2 13. Nxc5 dxc5 14.  Nb3 Rb8 15. Bd3 b6 16. Rhe1 Bb7 17. Qh3 g6 18. Bd2 c4 19. Bxc4 Rbc8 20. Rxe6  Ba3 21. Bc3 Rxc4 22. Rxg6+ fxg6 23. Qe6+ Rf7 24. Qxc4 1-0

[Event "New York op"]
[Site "New York"]
[Date "1997.??.??"]
[Round "?"]
[White "Gulko, Boris F"]
[Black "Tate, Emory"]
[Result "1-0"]
[WhiteElo "2595"]
[BlackElo "2395"]

1. c4 g6 2. d4 c5 3. Nf3 cxd4 4. Nxd4 Nc6 5. e4 Bg7 6. Be3 Nf6 7. Nc3 O-O 8.  Be2 d6 9. O-O Nd7 10. Rc1 Nc5 11. Qd2 Bd7 12. Rfd1 Qb8 13. f3 Rd8 14. Nd5 Ne6  15. Nb3 b6 16. f4 Nc5 17. Bf3 Re8 18. Nd4 a5 19. Nb5 Nb4 20. b3 Nxd5 21. Qxd5  Rc8 22. Nc3 Bc6 23. Qg5 e6 24. f5 Ra7 25. Bd4 f6 26. Qg3 1-0

[Event "Chicago op"]
[Site "Chicago"]
[Date "1997.??.??"]
[Round "7"]
[White "Zelkind, Eduard"]
[Black "Tate, Emory"]
[Result "0-1"]
[WhiteElo "2325"]
[BlackElo "2395"]

1. e4 c5 2. Nc3 g6 3. g3 Bg7 4. Bg2 d6 5. d3 Nc6 6. Be3 Bd7 7. Qd2 b5 8. Nge2  b4 9. Nd1 h5 10. h3 Qc8 11. f4 Nf6 12. Nf2 a5 13. Rb1 Be6 14. a3 Nd7 15. O-O  Nb6 16. Kh2 f5 17. axb4 axb4 18. e5 h4 19. c4 dxe5 20. Bxc5 hxg3+ 21. Kxg3 Nd7  22. Bxb4 exf4+ 23. Kh2 g5 24. Kg1 Nde5 25. Nd1 f3 26. Bxf3 Rxh3 27. Bg2 Rxd3  28. Bxc6+ Qxc6 29. Qxg5 Bf6 30. Qh5+ Bf7 31. Qh1 Nf3+ 0-1

[Event "Richmond action"]
[Site "Richmond"]
[Date "1997.??.??"]
[Round "4"]
[White "Reprintsev, Alexander"]
[Black "Tate, Emory"]
[Result "1/2-1/2"]
[WhiteElo "2450"]
[BlackElo "2405"]

1. e4 c5 2. b3 e5 3. Bb2 Nf6 4. Bxe5 Nxe4 5. Qe2 Qe7 6. Qxe4 Nc6 7. f4 f6 8.  Nf3 d6 9. Bb5 Bd7 10. Nc3 dxe5 11. fxe5 fxe5 12. O-O O-O-O 13. Rae1 a6 14. Bxc6  Bxc6 15. Qxe5 Qd7 16. Ne4 Re8 17. Qf4 h6 18. d3 g5 19. Qg3 Be7 20. Nfd2 b5 21.  Qe5 Qd4+ 22. Qxd4 cxd4 23. Nf6 Bb4 24. Nxe8 Bxd2 25. Nd6+ Kb8 26. Nf7 Rc8 27.  Re2 Be3+ 28. Kh1 h5 29. Ne5 Bd5 30. c4 Bb7 31. h3 Ka7 32. Rfe1 Rf8 33. cxb5  axb5 34. a4 Rf5 35. Rxe3 dxe3 36. Rxe3 Rf2 37. Nf3 g4 38. hxg4 hxg4 39. Ne1 b4  40. Kh2 1/2-1/2

[Event "Virginia-ch"]
[Site "Richmond"]
[Date "1997.??.??"]
[Round "3"]
[White "Reprintsev, Alexander"]
[Black "Tate, Emory"]
[Result "1/2-1/2"]
[WhiteElo "2450"]
[BlackElo "2405"]

1. e4 g6 2. d4 Bg7 3. Nc3 c5 4. dxc5 Nc6 5. Be3 Bxc3+ 6. bxc3 Qa5 7. Qd2 Nf6 8.  f3 O-O 9. Ne2 d6 10. cxd6 Rd8 11. Nd4 Rxd6 12. Bd3 Ne5 13. O-O Rd8 14. Rab1 a6  15. h3 b5 16. f4 Nc4 17. Bxc4 bxc4 18. Qe2 Bd7 19. e5 Nh5 20. Qxc4 Bb5 21. Nxb5  axb5 22. Rxb5 Qxa2 23. Qxa2 Rxa2 24. Rc1 Ng3 25. Kf2 Ne4+ 26. Kf3 Nxc3 27. Rb3  Rc8 28. Bd4 Nd5 29. c4 Ra4 30. Rb5 Nb4 31. Ke4 Na2 32. Rc2 Nb4 33. Rc3 Na2  1/2-1/2

[Event "World op"]
[Site "Philadelphia"]
[Date "1997.??.??"]
[Round "4"]
[White "Jones, Craig"]
[Black "Tate, Emory"]
[Result "1/2-1/2"]
[WhiteElo "2230"]
[BlackElo "2405"]

1. Nf3 c5 2. e3 d6 3. d4 Nd7 4. b3 Ngf6 5. Be2 e5 6. dxe5 dxe5 7. Bb2 Qc7 8.  Nc3 a6 9. e4 b5 10. a4 b4 11. Nd5 Nxd5 12. exd5 Bd6 13. Nd2 O-O 14. O-O Bb7 15.  Nc4 Rad8 16. c3 f5 17. cxb4 cxb4 18. Rc1 Qb8 19. Na5 Nf6 20. Nxb7 Qxb7 21. Qd3  Ne4 22. Qxa6 Qxa6 23. Bxa6 Nd2 24. Bb7 Nxf1 25. Kxf1 Rf7 26. Bc6 e4 27. a5 Ra7  28. Ra1 Bc5 29. a6 Re7 30. Ra5 Ba7 31. Rb5 f4 32. Rxb4 e3 33. fxe3 fxe3 34. Ke2  Rf8 35. d6 Rf2+ 36. Ke1 Rf1+ 37. Ke2 Rf2+ 38. Ke1 Rf1+ 39. Ke2 Rf2+ 40. Ke1  1/2-1/2

[Event "Budapest FS12 GM"]
[Site "Budapest"]
[Date "1997.??.??"]
[Round "1"]
[White "Hoang, Thanh Trang"]
[Black "Tate, Emory"]
[Result "1-0"]
[WhiteElo "2350"]
[BlackElo "2405"]

1. d4 c5 2. d5 e5 3. e4 d6 4. Bb5+ Nd7 5. a4 Ngf6 6. Nc3 a6 7. Be2 b6 8. Nf3  Be7 9. O-O Nf8 10. Nd2 Ng6 11. Nc4 O-O 12. Bg5 Nd7 13. Be3 Rb8 14. Bg4 Nf6 15.  Bxc8 Qxc8 16. Bg5 Qd7 17. Bxf6 Bxf6 18. Ne3 b5 19. axb5 axb5 20. Qg4 Qxg4 21.  Nxg4 Bg5 22. Ra6 Rfd8 23. Rfa1 Ne7 24. f3 Bd2 25. Nd1 f5 26. Nge3 g6 27. Nf1  Bh6 28. R1a5 Nc8 29. Nc3 b4 30. Nb5 fxe4 31. fxe4 c4 32. Ra8 Rxa8 33. Rxa8 Rf8  34. Ra4 Rf4 35. Ng3 Nb6 36. Rxb4 Rf8 37. Nf1 Ra8 38. Nxd6 Nd7 39. Nxc4 Bf8 40.  d6 Nc5 41. Nfd2 Rd8 42. Rb6 1-0

[Event "Budapest FS12 GM"]
[Site "Budapest"]
[Date "1997.??.??"]
[Round "3"]
[White "Varga, Zoltan"]
[Black "Tate, Emory"]
[Result "1-0"]
[WhiteElo "2495"]
[BlackElo "2405"]

1. e4 c5 2. Nf3 d6 3. d4 cxd4 4. Nxd4 Nf6 5. Nc3 a6 6. Be3 Nbd7 7. g4 h6 8. Rg1  g6 9. h4 e5 10. Nb3 b5 11. g5 hxg5 12. hxg5 Nh5 13. a4 b4 14. Nd5 Bb7 15. Be2  Nf4 16. Nxf4 exf4 17. Bxf4 Rh4 18. Qd2 Bxe4 19. Bg3 Rh3 20. Bg4 Rxg3 21. Rxg3  Ne5 22. Be2 d5 23. f4 Nd7 24. O-O-O Bd6 25. Bd3 f5 26. Kb1 Nc5 27. Nxc5 Bxc5  28. Rh3 Kf7 29. Rh7+ Ke6 30. Rg7 d4 31. Qe2 Kd5 32. Rxg6 Bd6 33. Bc4+ Kc5 34.  Bb3 d3 35. cxd3 Bb7 36. Rc1+ 1-0

[Event "Budapest FS12 GM"]
[Site "Budapest"]
[Date "1997.??.??"]
[Round "5"]
[White "Acs, Peter"]
[Black "Tate, Emory"]
[Result "1-0"]
[WhiteElo "2460"]
[BlackElo "2405"]

1. e4 e6 2. d4 d5 3. Nd2 Nf6 4. e5 Nfd7 5. c3 c5 6. Bd3 Nc6 7. Ne2 f6 8. exf6  Qxf6 9. Nf3 Bd6 10. Bg5 Qf7 11. O-O e5 12. dxe5 Ndxe5 13. Nxe5 Nxe5 14. Bb5+  Nd7 15. Nf4 h6 16. Re1+ Kf8 17. Ne6+ Kg8 18. Bh4 Nb6 19. Nd8 Qf4 20. Bg3 Qg4  21. Bxd6 Qxd1 22. Raxd1 Bd7 23. Bxd7 Rxd8 24. Be6+ 1-0

[Event "Budapest FS12 GM"]
[Site "Budapest"]
[Date "1997.??.??"]
[Round "7"]
[White "Barczay, Laszlo"]
[Black "Tate, Emory"]
[Result "1-0"]
[WhiteElo "2395"]
[BlackElo "2405"]

1. e4 c5 2. Nf3 d6 3. Bb5+ Nd7 4. O-O Ngf6 5. Re1 g6 6. c3 Bg7 7. d4 O-O 8. h3  a6 9. Bf1 d5 10. exd5 Nxd5 11. c4 Nc7 12. d5 b5 13. Nc3 bxc4 14. d6 exd6 15.  Qxd6 Nb5 16. Qd5 Nxc3 17. Qxa8 Qb6 18. Nd2 Bb7 19. Nxc4 Qc6 20. Na5 Rxa8 21.  Nxc6 Bxc6 22. bxc3 Bxc3 23. Bh6 Bb5 24. a4 Bxf1 25. Kxf1 Bxa1 26. Rxa1 f6 27.  Rd1 Ne5 28. Be3 c4 29. Rd6 c3 30. Ke2 Rb8 31. Bc1 Rb1 32. Kd1 Ra1 33. Kc2 Rxa4  34. Rxf6 a5 35. Re6 Re4 36. f4 1-0

[Event "Chicago op"]
[Site "Chicago"]
[Date "1996.??.??"]
[Round "?"]
[White "Goldin, Alexander"]
[Black "Tate, Emory"]
[Result "1-0"]
[WhiteElo "2600"]
[BlackElo "2380"]

1. Nf3 g6 2. d4 Nf6 3. g3 Bg7 4. Bg2 c5 5. c4 O-O 6. O-O cxd4 7. Nxd4 Nc6 8.  Nc3 Qb6 9. e3 d6 10. b3 Bg4 11. Qd2 Rad8 12. Bb2 e5 13. Nde2 Rfe8 14. h3 Bc8  15. Rfd1 h6 16. Rac1 g5 17. Na4 Qc7 18. Nac3 Bf5 19. Nd5 Qd7 20. Nxf6+ Bxf6 21.  Kh2 Be7 22. Nc3 Be6 23. Nd5 Bxd5 24. Qxd5 Qf5 25. Rd2 g4 26. Qe4 Qxe4 27. Bxe4  gxh3 28. Kxh3 Rf8 29. g4 h5 30. gxh5 f5 31. Bd5+ Kh7 32. Rg1 Kh6 33. f4 Bf6 34.  Rg6+ Kh7 35. Bxc6 bxc6 36. c5 dxc5 37. Rxd8 Bxd8 38. Bxe5 Bb6 39. Rxc6 Rd8 40.  Bd6 c4 41. bxc4 Bxe3 42. Kg3 1-0

[Event "Chicago op"]
[Site "Chicago"]
[Date "1996.??.??"]
[Round "?"]
[White "Yermolinsky, Alex"]
[Black "Tate, Emory"]
[Result "1-0"]
[WhiteElo "2565"]
[BlackElo "2380"]

1. d4 g6 2. e4 Bg7 3. Nc3 c5 4. d5 d6 5. Nf3 Bd7 6. Be2 Nf6 7. Nd2 O-O 8. O-O  Na6 9. Re1 Nc7 10. a4 a6 11. Bf3 Rb8 12. a5 Nb5 13. Ne2 e5 14. dxe6 fxe6 15.  Nc4 Bc6 16. Nf4 Qd7 17. c3 Rbe8 18. g3 e5 19. Nd5 Bxd5 20. exd5 e4 21. Bg2 Qf7  22. Ne3 Nc7 23. c4 Nd7 24. Rf1 Qf6 25. Qc2 Qe5 26. Ra3 Nf6 27. Rb3 Rb8 28. Bd2  Nce8 29. Bc3 Qe7 30. Bh3 Kh8 31. Re1 Ng8 32. Ng2 Bxc3 33. Qxc3+ Ng7 34. Nf4 Nf6  35. Rb6 g5 36. Ne6 g4 37. Nxf8 Rxf8 38. Bg2 Rf7 39. b4 cxb4 40. Rxb4 Qc7 41.  Rb3 Qc5 42. Rxb7 Rxb7 43. Qxf6 Rb8 44. Rxe4 Qxa5 45. Re7 Rg8 46. Be4 Qe1+ 47.  Kg2 Qd2 48. Qh4 h6 49. Qxg4 1-0

[Event "Illinois op"]
[Site "Illinois"]
[Date "1996.??.??"]
[Round "6"]
[White "Sevillano, Enrico"]
[Black "Tate, Emory"]
[Result "1-0"]
[WhiteElo "2470"]
[BlackElo "2380"]

1. e4 g6 2. d4 Bg7 3. Nc3 c5 4. d5 d6 5. Nf3 Nf6 6. Be2 Na6 7. O-O Bd7 8. a4  O-O 9. h3 Qa5 10. Bd2 Nb4 11. Re1 e5 12. dxe6 Bxe6 13. Ng5 Rad8 14. Nxe6 fxe6  15. Bf3 Qb6 16. a5 Qc7 17. Nb5 Qd7 18. Bxb4 Qxb5 19. Bc3 Kh8 20. Ra3 e5 21. Qd2  Qc6 22. Qc1 h6 23. Bd2 Kh7 24. c4 Ne8 25. Bd1 Qd7 26. Ba4 Qf7 27. Rf3 Nf6 28.  Bd1 Qd7 29. Rb3 Qc6 30. Qc2 Rf7 31. Rg3 Rdf8 32. f4 Re7 33. f5 gxf5 34. exf5  Qd7 35. Rf1 d5 36. cxd5 Qxd5 37. Be3 Rc8 38. Rg6 Qe4 39. Qc1 Nd5 40. Bxh6 Nf4  41. Bxf4 exf4 42. Bc2 Qd4+ 43. Kh1 Bf6 44. Rg4 Re2 45. Rgxf4 Qd2 46. Qxd2 Rxd2  47. R4f2 Rcd8 48. b3 Kg7 49. g3 Bg5 50. Be4 Kf6 51. Bxb7 Be3 52. Rf3 Bd4 53. h4  Ra2 54. g4 c4 55. bxc4 Re8 56. g5+ Kg7 57. f6+ Kg6 58. Rf4 Re3 59. Be4+ Kf7 60.  g6+ Ke6 61. Bf5+ Ke5 62. Bg4 1-0

[Event "Oak Park Master Challenge"]
[Site "Oak Park"]
[Date "1996.??.??"]
[Round "4"]
[White "Burke, John S"]
[Black "Tate, Emory"]
[Result "0-1"]
[WhiteElo "2065"]
[BlackElo "2380"]

1. d4 Nf6 2. c4 c5 3. d5 b5 4. Qc2 Na6 5. a3 b4 6. Nd2 g6 7. e4 Bg7 8. Be2 O-O  9. e5 Ne8 10. f4 d6 11. Ngf3 Qc7 12. O-O Rb8 13. Rb1 Bg4 14. h3 Bd7 15. Bd3 e6  16. dxe6 fxe6 17. Re1 b3 18. Qd1 d5 19. cxd5 exd5 20. Bxa6 c4 21. Nxc4 dxc4 22.  Qd5+ Kh8 23. Bxc4 Bf5 24. Ng5 Bxb1 25. Ne6 Qf7 26. Nxf8 Qxd5 27. Nxg6+ hxg6 28.  Bxd5 Bc2 29. Be3 g5 30. Kf2 Bf8 31. Bd4 Rd8 32. e6+ Kg8 33. Re5 Be7 34. Bxa7  gxf4 35. Bb6 Rb8 36. Ba5 Bf6 37. e7+ Kh7 38. Bc3 Rc8 39. Bb7 Rxc3 0-1

[Event "US Class op"]
[Site "USA"]
[Date "1996.??.??"]
[Round "5"]
[White "Serper, Grigory"]
[Black "Tate, Emory"]
[Result "1-0"]
[WhiteElo "2540"]
[BlackElo "2380"]

1. c4 Nf6 2. Nc3 g6 3. e4 d6 4. d4 Bg7 5. Nge2 Na6 6. Ng3 c5 7. d5 Bd7 8. Be2  h5 9. O-O h4 10. Nh1 Qb6 11. Rb1 h3 12. g3 e6 13. Be3 exd5 14. cxd5 O-O 15. f3  Qa5 16. Qd2 Rab8 17. a3 Rfc8 18. Rfc1 b5 19. b4 Qxa3 20. Ra1 Qxa1 21. Rxa1 cxb4  22. Nd1 Nxe4 23. fxe4 Bxa1 24. Qa2 Be5 25. Qxa6 b3 26. Nhf2 b2 27. Nxb2 Bxb2  28. Qxd6 Rb7 29. e5 Re8 30. Nd3 Bc3 31. Qf6 Rb6 32. Bxb6 1-0

[Event "US op"]
[Site "Alexandria"]
[Date "1996.??.??"]
[Round "?"]
[White "Young, Angelo"]
[Black "Tate, Emory"]
[Result "0-1"]
[WhiteElo "2415"]
[BlackElo "2380"]

1. e4 c5 2. Nf3 Nc6 3. d4 cxd4 4. Nxd4 g6 5. c4 Bg7 6. Nc2 Nf6 7. Nc3 O-O 8.  Be2 d6 9. O-O a6 10. Bg5 Rb8 11. a4 Be6 12. Kh1 Rc8 13. b3 Nd7 14. Nd5 Nc5 15.  f3 Nxb3 16. Ra3 Nc5 17. Nce3 Re8 18. Qb1 Rb8 19. f4 Nd4 20. Bd1 b5 21. axb5  axb5 22. f5 Bxd5 23. Nxd5 bxc4 24. Qc1 Nxe4 25. fxg6 hxg6 26. Ba4 Nxg5 27. Bxe8  e6 28. Ra7 exd5 29. Bxf7+ Nxf7 30. Rfxf7 Nf5 31. Qe1 Qh4 32. g3 Qg4 33. Qd2 0-1

[Event "US op"]
[Site "Alexandria"]
[Date "1996.??.??"]
[Round "11"]
[White "Gelman, Charles L"]
[Black "Tate, Emory"]
[Result "1-0"]
[WhiteElo "2205"]
[BlackElo "2380"]

1. e4 c5 2. Nc3 g6 3. g3 Bg7 4. Bg2 d6 5. d3 Nc6 6. f4 Bd7 7. Nf3 Qc8 8. Be3 b5  9. Qd2 b4 10. Nd1 Nf6 11. h3 O-O 12. g4 c4 13. e5 Nd5 14. dxc4 Nxe3 15. Nxe3  dxe5 16. Nxe5 Nxe5 17. Bxa8 Qxa8 18. O-O Bc6 19. Nd5 Nxc4 1-0

[Event "World op"]
[Site "Philadelphia"]
[Date "1996.??.??"]
[Round "?"]
[White "Dzindzichashvili, Roman"]
[Black "Tate, Emory"]
[Result "1-0"]
[WhiteElo "2545"]
[BlackElo "2380"]

1. d4 Nf6 2. Nf3 c5 3. c3 b6 4. dxc5 bxc5 5. e4 e6 6. e5 Nd5 7. Bd3 Nc6 8. O-O  f5 9. Bxf5 Nxc3 10. Bxh7 Rxh7 11. Nxc3 Ne7 12. Ng5 Rh4 13. Qf3 Nf5 14. Qxa8 Be7  15. Rd1 Nd4 16. Nf3 Rg4 17. h3 1-0

[Event "New York op"]
[Site "New York"]
[Date "1996.??.??"]
[Round "8"]
[White "Thorhallsson, Throstur"]
[Black "Tate, Emory"]
[Result "1-0"]
[WhiteElo "2445"]
[BlackElo "2380"]

1. e4 c5 2. Nf3 d6 3. d4 cxd4 4. Nxd4 Nf6 5. Nc3 Nbd7 6. Be3 a6 7. g4 e5 8. Nf5  Nb6 9. g5 Nxe4 10. Nxg7+ Bxg7 11. Nxe4 d5 12. Bc5 Be6 13. Nd6+ Kd7 14. c4 Qc7  15. cxd5 Qxc5 16. dxe6+ fxe6 17. Nxb7+ Qd5 18. Bg2 Qxd1+ 19. Rxd1+ Ke7 20. Na5  Rac8 21. O-O Rc2 22. Rc1 Rxc1 23. Rxc1 Re8 24. Rc7+ Kf8 25. Be4 Nd5 26. Rc6 Nf4  27. Rxa6 Nh3+ 28. Kg2 Nxg5 29. Bc6 Rd8 30. b4 Rd2 31. Nb3 Rc2 32. h4 Nf7 33.  Nc5 Bh6 34. Be4 Rb2 35. Nd3 Rd2 36. b5 Ke8 37. Rxe6+ Kd7 38. Nc5+ Kd8 39. b6  Be3 40. b7 Rxf2+ 41. Kg3 Rb2 42. Na6 Ba7 43. Bc6 1-0

[Event "Mid America Class op"]
[Site "Chicago"]
[Date "1995.??.??"]
[Round "2"]
[White "De Firmian, Nick E"]
[Black "Tate, Emory"]
[Result "1-0"]
[WhiteElo "2590"]
[BlackElo "2370"]

1. e4 c5 2. Nf3 d6 3. d4 cxd4 4. Nxd4 Nf6 5. Nc3 Nc6 6. Bc4 e6 7. Be3 Be7 8.  Bb3 O-O 9. Qe2 Bd7 10. f4 Qb8 11. O-O Na5 12. g4 Rc8 13. g5 Rxc3 14. gxf6 Rxe3  15. Qxe3 Bxf6 16. f5 Qe8 17. fxe6 fxe6 18. Rf2 Qh5 19. c3 Nxb3 20. axb3 Bg5 21.  Qd3 Bd8 22. Raf1 Bb6 23. Kh1 Re8 24. Qg3 Bxd4 25. cxd4 e5 26. d5 Bh3 27. Rg1  Re7 28. Rf6 h6 29. Rg6 1-0

[Event "New York op"]
[Site "Newark"]
[Date "1995.??.??"]
[Round "?"]
[White "Ivanov, Alexander"]
[Black "Tate, Emory"]
[Result "1-0"]
[WhiteElo "2515"]
[BlackElo "2370"]

1. e4 c5 2. Nf3 Nc6 3. d4 cxd4 4. Nxd4 e5 5. Nb5 d6 6. a4 Nf6 7. N1c3 Be7 8.  Bg5 O-O 9. Bxf6 Bxf6 10. Nxd6 Be6 11. Nc4 Qd4 12. Qxd4 exd4 13. Nb5 Nb4 14.  O-O-O Rfc8 15. Nba3 Rc5 16. f4 Rd8 17. Bd3 {1-0 (41)} 1-0

[Event "New York op"]
[Site "Newark"]
[Date "1995.??.??"]
[Round "?"]
[White "Yermolinsky, Alex"]
[Black "Tate, Emory"]
[Result "1-0"]
[WhiteElo "2580"]
[BlackElo "2370"]

1. Nf3 g6 2. e4 c5 3. d4 cxd4 4. Nxd4 Nf6 5. Nc3 d6 6. Be2 Bg7 7. O-O O-O 8.  Re1 Nc6 9. Nb3 a5 10. a4 Be6 11. Bf1 Nb4 12. Nd4 Rc8 13. Nxe6 fxe6 14. Bd2 d5  15. exd5 exd5 16. Rc1 e5 17. Nb5 Ne4 18. Be3 d4 19. Bxd4 exd4 20. Rxe4 Qf6 21.  f4 Nd5 22. g3 Qb6 23. Bd3 Ne3 24. Qf3 Qc5 25. b3 Kh8 26. Re1 Qb4 27. R1xe3 dxe3  28. Rxb4 axb4 29. Qxe3 Rfe8 30. Qd2 Bf8 31. Kg2 Bc5 32. f5 1-0